[Event "Moscow RUS"]
[Site "?"]
[Date "2006.02.04"]
[Round "7"]
[White "Najer Evgeniy"]
[Black "Nepomniachtchi Ian"]
[Result "1-0"]
[WhiteElo "2652"]
[BlackElo "2506"]
[PlyCount "133"]
[EventDate "2006.??.??"]
[Source "www.chesslib.no"]
[SourceDate "2004.05.04"]

1. e4 e6 2. d4 d5 3. Nc3 Nf6 4. Bg5 Bb4 5. e5 h6 6. Be3 Ne4 7. Qg4 g6 8. a3 Bxc3+ 9. bxc3 Nxc3 10. Bd3 Nc6 11. h4 Ne7 12. h5 g5 13. Ne2 Nxe2 14. Qxe2 c5 15. dxc5 d4 16. Bd2 Bd7 17. Qf3 Nd5 18. Rb1 Bc6 19. Bb5 Bxb5 20. Rxb5 Qd7 21. Rb2 Rc8 22. Qe4 Rxc5 23. Qxd4 Qc6 24. Rxb7 O-O 25. O-O Rc4 26. Qd3 Rg4 27. Qf3 Rd4 28. Be3 Rh4 29. Rxa7 Qc4 30. Rd7 Nc3 31. Re1 Qb5 32. Rd4 Rxd4 33. Bxd4 Nd5 34. Qb3 Qa5 35. Kf1 Rc8 36. c4 Nf4 37. g3 Nxh5 38. Bb6 Qa6 39. Rc1 Rb8 40. Rb1 Rc8 41. Rc1 Rb8 42. Rb1 Rc8 43. Be3 Rxc4 44. Qb5 Ra4 45. Qxa6 Rxa6 46. Bc5 Kg7 47. Ke2 Ra5 48. Rc1 f6 49. Kd3 fxe5 50. Kc4 Nf6 51. Kb4 Ra8 52. a4 Nd5+ 53. Kb5 h5 54. a5 h4 55. gxh4 gxh4 56. Bd6 Kf6 57. a6 h3 58. Rh1 Rd8 59. Kc6 Rc8+ 60. Kb7 Rc3 61. a7 Rb3+ 62. Ka6 Nb6 63. Rxh3 Rb1 64. Rf3+ Kg6 65. Bxe5 Na8 66. Rf8 Rb6+ 67. Ka5 1-0

[Event "4th IECC"]
[Site "Istanbul"]
[Date "2003.05.31"]
[Round "2"]
[White "Najer, Evgeniy"]
[Black "Glek, Igor"]
[Result "1/2-1/2"]
[WhiteElo "2606"]
[BlackElo "2551"]
[PlyCount "66"]
[EventDate "2003.05.30"]
[Source "Roberto Alvarez"]
[SourceDate "2003.06.23"]

1. e4 e6 2. d4 d5 3. Nc3 Nf6 4. Bg5 Bb4 5. e5 h6 6. Bc1 Ne4 7. Qg4 g6 8. Nge2 Nxc3 9. bxc3 Be7 10. Nf4 c5 11. Bb5+ Nc6 12. a4 cxd4 13. cxd4 Bd7 14. O-O Qc7 15. Ba3 O-O-O 16. Bxe7 Nxe7 17. Nd3 Nc6 18. Qf4 g5 19. Qe3 b6 20. Rfb1 Na5 21. Qe1 Bxb5 22. axb5 Kd7 23. Ra3 Rc8 24. h3 Ke8 25. Kh2 f5 26. Rba1 Kf7 27. Nc5 Qe7 28. Rxa5 bxa5 29. Rxa5 Rxc5 30. dxc5 Qxc5 31. Qa1 Ra8 32. Ra6 d4 33. Rc6 Qxb5 1/2-1/2

[Event "57th ch-RUS Qualifier"]
[Site "Tomsk"]
[Date "2004.05.30"]
[Round "8"]
[White "Galkin, Alexander"]
[Black "Belozerov, Andrei"]
[Result "1/2-1/2"]
[WhiteElo "2602"]
[BlackElo "2552"]
[PlyCount "34"]
[EventDate "2004.05.23"]
[Source "Roberto Alvarez"]
[SourceDate "2004.05.31"]

1. e4 e6 2. d4 d5 3. Nc3 Nf6 4. Bg5 Bb4 5. e5 h6 6. Bh4 g5 7. Bg3 Ne4 8. Nge2 f5 9. exf6 Qxf6 10. a3 Nxg3 11. Nxg3 O-O 12. f3 Bxc3+ 13. bxc3 e5 14. Be2 Nc6 15. dxe5 Qxe5 16. O-O Be6 17. Qd2 d4 1/2-1/2

[Event "Vladimir"]
[Site "?"]
[Date "2004.??.??"]
[Round "?"]
[White "Amonatov, F."]
[Black "Glek, I."]
[Result "1-0"]
[WhiteElo "2575"]
[BlackElo "2575"]
[PlyCount "63"]
[EventDate "2004.??.??"]
[Source "Chess Informant"]
[SourceDate "2004.10.01"]

1. e4 e6 2. d4 d5 3. Nc3 Nf6 4. Bg5 Bb4 5. e5 h6 6. Be3 Ne4 7. Qg4 g6 8. a3 Bxc3+ 9. bxc3 Nxc3 10. Bd3 Nc6 11. h4 Ne7 12. h5 g5 13. f3 c5 14. dxc5 Nc6 15. Bd2 d4 16. f4 Qd5 17. Nf3 Bd7 18. O-O O-O-O 19. fxg5 hxg5 20. Rae1 Rdg8 21. Bxg5 Be8 22. Qh3 Qxc5 23. h6 Nd5 24. h7 Rg7 25. Bf6 Nf4 26. Qh6 Rxg2+ 27. Kh1 Nxd3 28. Bxh8 Qxc2 29. Bf6 Nxe1 30. Nxe1 Qe2 31. Nxg2 Qxf1+ 32. Kh2 1-0

[Event "Ohrid 82/266"]
[Site "?"]
[Date "2001.??.??"]
[Round "?"]
[White "Acs, P."]
[Black "Almasi, Z."]
[Result "1/2-1/2"]
[WhiteElo "2509"]
[BlackElo "2640"]
[PlyCount "101"]
[EventDate "2001.??.??"]
[Source "Chess Informant"]
[SourceDate "2001.06.01"]

1. e4 e6 2. d4 d5 3. Nc3 Nf6 4. Bg5 Bb4 5. e5 h6 6. Bd2 Bxc3 7. bxc3 Ne4 8. Qg4 Kf8 9. h4 c5 10. Rh3 Nc6 11. Bd3 Nxd2 12. Kxd2 c4 13. Be2 b5 14. Qf4 Bd7 15. Bh5 Be8 16. Ne2 a5 17. g4 b4 18. g5 hxg5 19. hxg5 Ke7 20. Rah1 bxc3+ 21. Nxc3 Qb6 22. Rh4 Rb8 23. Bf3 Rxh4 24. Rxh4 Qb2 25. g6 Nb4 26. Bd1 Nd3 27. Qg5+ Kd7 28. Ne2 Nxf2 29. gxf7 Bxf7 30. Qxg7 Qb4+ 31. Nc3 Rf8 32. Bf3 Ke8 33. Rf4 Ne4+ 34. Bxe4 dxe4 35. Qg3 Rg8 36. Qe3 Bg6 37. Rg4 Kf7 38. Rg1 Bf5 39. Rxg8 Kxg8 40. Kd1 Kf7 41. a4 Qa3 42. Kd2 Qb4 43. Qg5 Qb2 44. Qe3 Qb4 45. Kd1 Qa3 46. Qe1 Ke8 47. Kd2 Qb4 48. Qf2 Qb2 49. Qe3 Qb4 50. Qf2 Qb2 51. Qe3 1/2-1/2

[Event "Mind Sports Games - Blitz Ind"]
[Site "Pechino CINA"]
[Date "2008.10.04"]
[Round "3"]
[White "Aveskulov, V."]
[Black "Bartel, Mat"]
[Result "0-1"]
[WhiteElo "2544"]
[BlackElo "2602"]
[PlyCount "82"]
[EventDate "2008.10.04"]
[Source "www.chesslib.no"]
[SourceDate "2004.05.04"]

1. e4 e6 2. d4 d5 3. Nc3 Nf6 4. Bg5 Bb4 5. e5 h6 6. Bc1 Ne4 7. Qg4 g6 8. Nge2 c5 9. a3 Ba5 10. b4 Nxc3 11. Nxc3 cxb4 12. Nb5 b3+ 13. c3 Bc7 14. Qd1 Bd7 15. a4 Bxb5 16. Bxb5+ Nd7 17. Ba3 a6 18. Bd3 Ba5 19. O-O Bxc3 20. Rc1 Bxd4 21. Bxg6 Bxe5 22. Bh5 b2 23. Rb1 Qf6 24. Qc2 Qh4 25. Bxf7+ Kxf7 26. f4 Bd4+ 27. Kh1 Rac8 28. Qd2 Bc3 29. Qe3 Rhg8 30. f5 e5 31. Qd3 Qe4 32. Qh3 Nf6 33. Bxb2 Bxb2 34. Rxb2 Rc7 35. Rb6 h5 36. Rg1 h4 37. Qb3 Ng4 38. Qa2 h3 39. Rg6 Rxg6 40. fxg6+ Kxg6 41. Qd2 Rc2 0-1

[Event "Russia"]
[Site "?"]
[Date "2004.??.??"]
[Round "?"]
[White "Zontakh, A."]
[Black "Volkov, S."]
[Result "1/2-1/2"]
[WhiteElo "2520"]
[BlackElo "2625"]
[PlyCount "66"]
[EventDate "2004.??.??"]
[Source "Chess Informant"]
[SourceDate "2004.02.01"]

1. e4 e6 2. d4 d5 3. Nc3 Nf6 4. Bg5 Bb4 5. e5 h6 6. Be3 Ne4 7. Qg4 Kf8 8. a3 Bxc3+ 9. bxc3 Nxc3 10. Bd3 Bd7 11. Nh3 Nc6 12. Nf4 Ne7 13. Nh5 g6 14. Nf6 Bb5 15. h4 Bxd3 16. cxd3 Nf5 17. h5 g5 18. Bd2 Nb5 19. f4 c5 20. dxc5 Nbd4 21. O-O Nb3 22. fxg5 Nxd2 23. Rxf5 exf5 24. Qb4 hxg5 25. c6+ Kg7 26. cxb7 Rb8 27. Qxd2 Qb6+ 28. d4 f4 29. g3 Rxb7 30. gxf4 Qb3 31. fxg5 Rc8 32. Qf4 Rc2 33. g6 Qh3 1/2-1/2

[Event "60th ch-RUS Higher League"]
[Site "Krasnoyarsk RUS"]
[Date "2007.09.03"]
[Round "1"]
[White "Popov, Iv RUS"]
[Black "Nepomniachtchi, I."]
[Result "1/2-1/2"]
[WhiteElo "2524"]
[BlackElo "2613"]
[PlyCount "121"]
[EventDate "2007.09.03"]
[Source "www.chesslib.no"]
[SourceDate "2004.05.04"]

1. e4 e6 2. d4 d5 3. Nc3 Nf6 4. Bg5 Bb4 5. e5 h6 6. Be3 Ne4 7. Qg4 g6 8. a3 Bxc3+ 9. bxc3 Nxc3 10. Bd3 Nc6 11. h4 Ne7 12. h5 g5 13. f3 c5 14. dxc5 Nc6 15. Bd2 f5 16. Qg3 Na4 17. f4 g4 18. Qf2 d4 19. Ne2 Nxc5 20. Bb4 Qd5 21. O-O Nxd3 22. cxd3 b6 23. Qh4 Bb7 24. Qf6 Rg8 25. Rf2 Rd8 26. Qxh6 Rd7 27. Qf6 Rf7 28. Qh4 Qb3 29. Bd6 g3 30. Nxg3 Rg4 31. Qh3 Qxd3 32. Rf3 Qd2 33. Ne4 Rxg2+ 34. Qxg2 Qxg2+ 35. Kxg2 fxe4 36. Rg3 e3 37. Kg1 Rh7 38. Rg8+ Kf7 39. Rf8+ Kg7 40. f5 d3 41. fxe6 Rxh5 42. Rf7+ Kg6 43. Rxb7 d2 44. Rf7 Rf5 45. Rxf5 Kxf5 46. e7 e2 47. e8=Q e1=Q+ 48. Kg2 Qxa1 49. Qh5+ Ke4 50. Qe2+ Kd5 51. Qxd2+ Nd4 52. Qd3 Qc1 53. Kf2 b5 54. e6 Qb2+ 55. Ke3 Qc1+ 56. Kf2 Qb2+ 57. Ke3 Kxe6 58. Qxd4 Qxd4+ 59. Kxd4 Kxd6 60. a4 b4 61. a5 1/2-1/2

[Event "USSR (ch)"]
[Site "?"]
[Date "1989.??.??"]
[Round "?"]
[White "Aseev, K."]
[Black "Dolmatov, S."]
[Result "0-1"]
[WhiteElo "2520"]
[BlackElo "2615"]
[PlyCount "96"]
[EventDate "1989.??.??"]
[Source "ChessBase"]
[SourceDate "1989.07.01"]

1. e4 e6 2. d4 d5 3. Nc3 Nf6 4. Bg5 Bb4 5. e5 h6 6. Bd2 Bxc3 7. bxc3 Ne4 8. Qg4 g6 9. Bd3 Nxd2 10. Kxd2 c5 11. Nf3 Qc7 12. h4 cxd4 13. cxd4 Nc6 14. Qf4 f5 15. Qg3 Ne7 16. Rhc1 Bd7 17. Ke2 Bc6 18. Ng1 O-O-O 19. Nh3 Qd7 20. a4 Kb8 21. a5 Bb5 22. Nf4 Rc8 23. Rab1 Nc6 24. Ke3 Bxd3 25. cxd3 Rhg8 26. a6 b6 27. Ne2 g5 28. hxg5 hxg5 29. Kd2 Qe7 30. Rc3 Nb4 31. Rcb3 Nxa6 32. Qh2 Rc6 33. Qh1 Kb7 34. R1b2 g4 35. g3 Nb8 36. Qa1 Rgc8 37. Ra2 a6 38. Rb1 R8c7 39. Qb2 b5 40. Nf4 Rb6 41. Raa1 Nd7 42. Qb3 Nb8 43. Qa2 b4 44. Qa4 Nc6 45. Ne2 Ka7 46. Rb2 Rc8 47. Ke3 Qb7 48. Nc1 Nxd4 0-1

[Event "EUCup final"]
[Site "Lyon"]
[Date "1994.??.??"]
[Round "?"]
[White "Stefansson, Hannes"]
[Black "Savchenko, Stanislav"]
[Result "0-1"]
[WhiteElo "2560"]
[BlackElo "2570"]
[PlyCount "82"]
[EventDate "1994.11.??"]
[Source "ChessBase"]

1. e4 e6 2. d4 d5 3. Nc3 Nf6 4. Bg5 Bb4 5. e5 h6 6. Bd2 Bxc3 7. bxc3 Ne4 8. Qg4 g6 9. Bd3 Nxd2 10. Kxd2 c5 11. Nf3 Nc6 12. Bb5 cxd4 13. Nxd4 Bd7 14. Bxc6 Bxc6 15. h4 Qc7 16. Qf4 O-O-O 17. Rh3 h5 18. Rf3 Rd7 19. Ke1 Kb8 20. Kf1 Rc8 21. Kg1 Qb6 22. Qc1 Qc5 23. Rb1 Qe7 24. Rb4 Rdc7 25. Qb2 Be8 26. g3 Rc4 27. Re3 b6 28. Nf3 Qc5 29. Nd4 Ka8 30. Rxc4 Qxc4 31. Rd3 Qc7 32. Re3 Qc5 33. Rd3 Qa5 34. Nb3 Qa4 35. Rd4 Qa6 36. Rd3 Rc4 37. Rd4 Rc7 38. Rd3 Rc4 39. Rd4 Rc7 40. Nd2 Qe2 41. c4 Qe1+ 0-1

[Event "Cappelle op"]
[Site "Cappelle la Grande"]
[Date "1998.02.28"]
[Round "9"]
[White "Spraggett, Kevin"]
[Black "Glek, Igor V"]
[Result "0-1"]
[WhiteElo "2565"]
[BlackElo "2565"]
[PlyCount "60"]
[EventDate "1998.02.21"]
[Source "ChessBase"]
[SourceDate "1998.04.29"]

1. e4 e6 2. d4 d5 3. Nc3 Nf6 4. Bg5 Bb4 5. e5 h6 6. Bd2 Bxc3 7. bxc3 Ne4 8. Qg4 g6 9. Bd3 Nxd2 10. Kxd2 c5 11. Qf4 Bd7 12. Nf3 Bc6 13. h4 Nd7 14. Rh3 Qe7 15. dxc5 O-O-O 16. Nd4 Nxc5 17. Rb1 Qc7 18. Qf6 Rhf8 19. f4 Ne4+ 20. Bxe4 dxe4 21. Rb4 Rd7 22. Kc1 Rfd8 23. a3 a5 24. Rc4 Qb6 25. Re3 Kb8 26. Re1 Bd5 27. Ra4 Rc8 28. Kd2 Qb2 29. Re3 Bb3 30. Rxa5 Rxd4+ 0-1

[Event "5th Open"]
[Site "Dubai"]
[Date "2003.04.28"]
[Round "8"]
[White "El Taher, Fouad"]
[Black "Volkov, Sergey"]
[Result "0-1"]
[WhiteElo "2493"]
[BlackElo "2634"]
[PlyCount "118"]
[EventDate "2003.04.21"]
[Source "Roberto Alvarez"]
[SourceDate "2003.05.05"]

1. e4 e6 2. d4 d5 3. Nc3 Nf6 4. Bg5 Bb4 5. e5 h6 6. Bd2 Bxc3 7. bxc3 Ne4 8. Qg4 Kf8 9. Bd3 Nxd2 10. Kxd2 c5 11. Nf3 c4 12. Be2 Nc6 13. h4 b5 14. a4 b4 15. cxb4 Nxb4 16. c3 Nc6 17. Rhb1 Bd7 18. Bd1 Rb8 19. Qg3 Rb6 20. Bc2 Na5 21. Kc1 Qc7 22. Nd2 f5 23. exf6 Qxg3 24. fxg3 Rxb1+ 25. Rxb1 gxf6 26. Nf1 Ke7 27. Kd2 Rg8 28. Ke2 Kd6 29. Kf2 e5 30. Ne3 exd4 31. cxd4 Nc6 32. Rb5 Be6 33. Bf5 Rd8 34. Bxe6 Kxe6 35. Nc2 Rb8 36. g4 a5 37. Rc5 Nb4 38. Ne1 Kd6 39. Rxa5 Nc6 40. Ra6 Kc7 41. a5 Rb2+ 42. Ke3 Rb3+ 43. Kf4 Kb7 44. Rb6+ Rxb6 45. axb6 Nxd4 46. g5 hxg5+ 47. hxg5 Ne6+ 48. Kf5 Nxg5 49. Nc2 Kxb6 50. Kxf6 Ne4+ 51. Ke5 Kc5 52. g4 c3 53. Ne3 Nf2 54. g5 d4 55. Nf5 d3 56. g6 Ng4+ 57. Ke6 d2 58. g7 d1=Q 59. g8=Q Qd5+ 0-1

[Event "Israel"]
[Site "?"]
[Date "2000.??.??"]
[Round "?"]
[White "Sutovsky, E."]
[Black "Zifroni, D."]
[Result "1/2-1/2"]
[WhiteElo "2595"]
[BlackElo "2530"]
[PlyCount "54"]
[EventDate "2000.??.??"]
[Source "Chess Informant"]
[SourceDate "2000.02.01"]

1. e4 e6 2. d4 d5 3. Nc3 Nf6 4. Bg5 Bb4 5. e5 h6 6. Bd2 Bxc3 7. bxc3 Ne4 8. Qg4 g6 9. Bd3 Nxd2 10. Kxd2 c5 11. Nf3 Qe7 12. h4 Bd7 13. Qf4 Bc6 14. Nh2 Nd7 15. Ng4 O-O-O 16. Nxh6 f5 17. exf6 Nxf6 18. Ng4 Ne4+ 19. Bxe4 dxe4 20. Ne5 cxd4 21. Nxc6 bxc6 22. Rab1 dxc3+ 23. Ke1 Qd6 24. Qxd6 Rxd6 25. Rh3 e3 26. Rxe3 Rxh4 27. Rb3 Rh1+ 1/2-1/2

[Event "Campionato europeo 2007"]
[Site "Dresda GER"]
[Date "2007.04.05"]
[Round "3.54"]
[White "Romanov, Evgeny"]
[Black "Nepomniachtchi, Ian"]
[Result "0-1"]
[WhiteElo "2520"]
[BlackElo "2602"]
[PlyCount "64"]
[EventDate "2007.04.03"]
[Source "www.chesslib.no"]
[SourceDate "2004.05.04"]

1. e4 e6 2. d4 d5 3. Nc3 Nf6 4. Bg5 Bb4 5. e5 h6 6. Bd2 Bxc3 7. bxc3 Ne4 8. Qg4 Kf8 9. Qf4 c5 10. Bd3 Nxd2 11. Qxd2 c4 12. Be2 Nd7 13. Nf3 Qa5 14. g4 Nb6 15. Qe3 Qa3 16. g5 Na4 17. Kd2 b5 18. Rab1 Bd7 19. Rhg1 Be8 20. gxh6 Rxh6 21. Rg3 Rb8 22. Ng5 b4 23. cxb4 Qxa2 24. Rc1 Rxb4 25. Rh3 c3+ 26. Kd1 Rxh3 27. Qxh3 Rb1 28. Nxe6+ Kg8 29. Bd3 Rxc1+ 30. Ke2 Rxc2+ 31. Ke3 g6 32. Ng5 Re2+ 0-1

[Event "EU-ch 2nd"]
[Site "Ohrid"]
[Date "2001.06.10"]
[Round "9"]
[White "Galego, Luis"]
[Black "Gurevich, Mikhail"]
[Result "1/2-1/2"]
[WhiteElo "2429"]
[BlackElo "2688"]
[PlyCount "55"]
[EventDate "2001.06.01"]
[Source "ChessBase"]
[SourceDate "2001.09.13"]

1. e4 e6 2. d4 d5 3. Nc3 Nf6 4. Bg5 Bb4 5. e5 h6 6. Bd2 Bxc3 7. bxc3 Ne4 8. Qg4 g6 9. Bd3 Nxd2 10. Kxd2 c5 11. Nf3 Bd7 12. dxc5 Bc6 13. Nd4 Qe7 14. Rab1 Nd7 15. Nxc6 bxc6 16. Rb7 Qg5+ 17. Qxg5 hxg5 18. h3 Kd8 19. c4 d4 20. c3 dxc3+ 21. Kxc3 Rf8 22. Kd4 Kc8 23. Rb3 Rd8 24. Be4 Rb8 25. Rxb8+ Nxb8+ 26. Kc3 Kc7 27. h4 gxh4 28. Rxh4 1/2-1/2